[Event "Titled Tue 26th Aug Late"]
[Site "chess.com INT"]
[Date "2025.08.26"]
[Round "2"]
[White "Gkavardinas, Antonios"]
[Black "Bachmann, Axel"]
[Result "1-0"]
[WhiteTitle "FM"]
[BlackTitle "GM"]
[WhiteElo "2297"]
[BlackElo "2578"]
[WhiteFideId "25883097"]
[BlackFideId "3700488"]
[EventDate "2025.08.26"]

1. b3 d5 2. Bb2 Bg4 3. h3 Bh5 4. g4 Bg6 5. Bg2 c6 6. d3 Nd7 7. Nd2 h5 8. g5 h4
9. Ngf3 e5 10. e4 dxe4 11. dxe4 Bb4 12. a3 Bxd2+ 13. Qxd2 Bxe4 14. O-O-O Ne7 15.
Rhe1 Bxf3 16. Bxf3 Qc7 17. Bg4 Rd8 18. f4 Nc5 19. Qxd8+ Qxd8 20. Rxd8+ Kxd8 21.
Bxe5 Rg8 22. Bd6 Ne6 23. Bxe7+ 1-0

[Event "Titled Tue 26th Aug Late"]
[Site "chess.com INT"]
[Date "2025.08.26"]
[Round "2"]
[White "Lortkipanidze, Nodar"]
[Black "Young, Cohen"]
[Result "1-0"]
[WhiteTitle "IM"]
[BlackTitle "CM"]
[WhiteElo "2359"]
[BlackElo "2030"]
[WhiteFideId "13604058"]
[BlackFideId "4317440"]
[EventDate "2025.08.26"]

1. d4 Nf6 2. Nc3 d5 3. Bf4 a6 4. e3 c5 5. dxc5 e6 6. Na4 Bxc5 7. Nxc5 Qa5+ 8. c3
Qxc5 9. Nf3 Nc6 10. Bd3 O-O 11. O-O b5 12. Ne5 Nxe5 13. Bxe5 Nd7 14. Bd4 Qe7 15.
f4 Re8 16. Rf3 Nf8 17. Rg3 f6 18. e4 Bb7 19. e5 f5 20. a4 Bc6 21. a5 Nd7 22. b4
Rec8 23. Rh3 Nf8 24. g4 fxg4 25. Qxg4 Be8 26. f5 exf5 27. Bxf5 Bd7 28. e6 Bxe6
29. Re1 Rc6 30. Rhe3 Bxf5 31. Rxe7 1-0

[Event "Titled Tue 26th Aug Late"]
[Site "chess.com INT"]
[Date "2025.08.26"]
[Round "2"]
[White "Banzea, Alexandru-Bogdan"]
[Black "Tarhan, Adar"]
[Result "0-1"]
[WhiteTitle "IM"]
[BlackTitle "IM"]
[WhiteElo "2394"]
[BlackElo "2474"]
[WhiteFideId "1232622"]
[BlackFideId "34544712"]
[EventDate "2025.08.26"]

1. d4 Nf6 2. Nc3 d5 3. Bf4 c6 4. e3 Bf5 5. f3 e6 6. g4 Bg6 7. h4 h5 8. g5 Nfd7
9. Bd3 Bxd3 10. Qxd3 g6 11. Nge2 Nb6 12. Be5 Rg8 13. f4 Nc4 14. b3 Na3 15. Nd1
Qa5+ 16. Kf2 Qa6 17. Kg2 Qxd3 18. cxd3 Nc2 19. Rc1 Nb4 20. Nf2 Nxa2 21. Ra1 Nb4
22. Bxb8 Rxb8 23. Rxa7 Bd6 24. Rha1 Nc2 25. Rc1 Nxe3+ 26. Kf3 Nf5 27. Rh1 Kd7
28. Nd1 Kc7 29. Ne3 Ra8 30. Rxa8 Rxa8 31. Nxf5 exf5 32. Re1 Ra3 33. Nc1 Ra1 34.
Rg1 Ba3 35. Ne2 Rxg1 36. Nxg1 Kb6 37. Ke3 Bc1+ 38. Kf3 Kb5 39. Ne2 Bd2 0-1

[Event "Titled Tue 26th Aug Late"]
[Site "chess.com INT"]
[Date "2025.08.26"]
[Round "2"]
[White "Sroczynski, Maciej"]
[Black "Korchynskyi, Mykola"]
[Result "0-1"]
[WhiteTitle "FM"]
[BlackTitle "FM"]
[WhiteElo "2236"]
[BlackElo "2359"]
[WhiteFideId "1121472"]
[BlackFideId "34138005"]
[EventDate "2025.08.26"]

1. d4 Nf6 2. c4 e6 3. Nf3 d5 4. Nc3 Be7 5. Bg5 O-O 6. e3 h6 7. Bh4 b6 8. cxd5
exd5 9. Be2 Bb7 10. O-O c5 11. Rc1 Nbd7 12. Bd3 Ne4 13. Bg3 Ndf6 14. Be5 Rc8 15.
Bb1 Nxc3 16. bxc3 Ne4 17. Nd2 cxd4 18. Nxe4 dxe4 19. cxd4 Qd5 20. Qg4 f6 21. Bf4
f5 22. Qg6 Qf7 23. Qg3 Kh7 24. Bc7 Ba6 25. Rfe1 Bb4 26. Red1 Be2 27. f3 Bxd1 28.
fxe4 fxe4 29. Bxe4+ Kh8 30. d5 Rxc7 31. Qg6 Qxg6 0-1

[Event "Titled Tue 26th Aug Late"]
[Site "chess.com INT"]
[Date "2025.08.26"]
[Round "2"]
[White "Shandrygin, Nikita"]
[Black "Weisz, Bryan"]
[Result "1-0"]
[WhiteTitle "FM"]
[WhiteElo "2209"]
[BlackElo "2078"]
[WhiteFideId "24198668"]
[BlackFideId "30934133"]
[EventDate "2025.08.26"]

1. e4 e6 2. Nf3 c5 3. b4 Nf6 4. e5 Nd5 5. bxc5 Bxc5 6. c3 d6 7. d4 Bb6 8. exd6
Qxd6 9. c4 Ba5+ 10. Bd2 Bxd2+ 11. Qxd2 Nf4 12. Nc3 Nc6 13. Nb5 Qb8 14. g3 Ng6
15. Bg2 O-O 16. O-O a6 17. Nc3 Rd8 18. Rfd1 Nge5 19. Nxe5 Nxe5 20. Qe2 Nc6 21.
Rab1 Nxd4 22. Qe3 Nf5 23. Rxd8# 1-0

[Event "Titled Tue 26th Aug Late"]
[Site "chess.com INT"]
[Date "2025.08.26"]
[Round "2"]
[White "Gabrielian, Artur"]
[Black "Zhukovskyi, Oleksandr"]
[Result "1-0"]
[WhiteTitle "GM"]
[BlackTitle "CM"]
[WhiteElo "2407"]
[BlackElo "2145"]
[WhiteFideId "4131002"]
[BlackFideId "14169371"]
[EventDate "2025.08.26"]

1. Nf3 Nf6 2. g3 g6 3. Bg2 Bg7 4. O-O O-O 5. d4 d5 6. c4 c6 7. a4 a5 8. cxd5
Nxd5 9. e4 Nb4 10. h3 Be6 11. Na3 Qd7 12. Kh2 Rd8 13. Be3 h6 14. Qd2 Kh7 15.
Rfc1 N8a6 16. Nc4 Bxc4 17. Rxc4 e5 18. Rd1 exd4 19. Bxd4 Qe6 20. Qe2 c5 21. Bxg7
Rxd1 22. Qxd1 Qxc4 23. Bc3 Qd3 24. Qc1 Qe2 25. Qf4 f5 26. Qe5 1-0

[Event "Titled Tue 26th Aug Late"]
[Site "chess.com INT"]
[Date "2025.08.26"]
[Round "2"]
[White "Hofstadler, Mario"]
[Black "Kochetkov, German"]
[Result "0-1"]
[WhiteTitle "CM"]
[BlackTitle "IM"]
[WhiteElo "2145"]
[BlackElo "2277"]
[WhiteFideId "1660497"]
[BlackFideId "13500635"]
[EventDate "2025.08.26"]

1. e4 c5 2. Nf3 Nc6 3. g3 g6 4. Bg2 Bg7 5. O-O d6 6. c3 Bg4 7. h3 Bxf3 8. Bxf3
Qd7 9. Bg2 Nf6 10. d4 O-O-O 11. Be3 Qc7 12. Nd2 e5 13. d5 Ne7 14. a4 Nh5 15. a5
f5 16. g4 fxg4 17. Qxg4+ Kb8 18. Nc4 Nf4 19. Bxf4 h5 20. Qg3 exf4 21. Qxf4 g5
22. Qg3 Ng6 23. Qxg5 Ne5 24. Nxe5 Bxe5 25. f4 Rdg8 26. Qh4 Qg7 27. Rf2 Bf6 0-1

[Event "Titled Tue 26th Aug Late"]
[Site "chess.com INT"]
[Date "2025.08.26"]
[Round "2"]
[White "Rossi, Maximiliano"]
[Black "Silva, Luca"]
[Result "0-1"]
[BlackTitle "FM"]
[WhiteElo "2013"]
[BlackElo "2214"]
[WhiteFideId "113425"]
[BlackFideId "147370"]
[EventDate "2025.08.26"]

1. d4 Nf6 2. c4 a6 3. Nc3 c5 4. d5 b5 5. b3 b4 6. Nb1 g6 7. Bb2 Bg7 8. Nd2 O-O
9. e4 d6 10. Qc2 a5 11. a4 bxa3 12. Rxa3 Na6 13. Qb1 Nb4 14. Ngf3 Bd7 15. Be2 a4
16. Bd1 axb3 17. Bxb3 Rxa3 18. Bxa3 Qa5 19. Bxb4 Qxb4 20. O-O Ng4 21. Bc2 Qa5
22. Qb7 Rd8 23. h3 Ne5 24. Rb1 Nxf3+ 25. Nxf3 Bf6 26. Qb6 Qxb6 27. Rxb6 Ra8 28.
Rb7 Ba4 29. Bd3 Bd1 30. e5 dxe5 31. Nd2 Ra3 32. Rb3 Bxb3 0-1

[Event "Titled Tue 26th Aug Late"]
[Site "chess.com INT"]
[Date "2025.08.26"]
[Round "2"]
[White "Paichadze, Luka"]
[Black "Fieberg, Samuel"]
[Result "0-1"]
[WhiteTitle "GM"]
[BlackTitle "FM"]
[WhiteElo "2520"]
[BlackElo "2157"]
[WhiteFideId "13602934"]
[BlackFideId "12901717"]
[EventDate "2025.08.26"]

1. e4 e6 2. d4 d5 3. e5 c5 4. c3 Nc6 5. Nf3 Bd7 6. Be2 Nge7 7. O-O cxd4 8. cxd4
Nf5 9. Nc3 Be7 10. Be3 O-O 11. Bd3 Nxe3 12. fxe3 f6 13. exf6 Bxf6 14. Ne2 e5 15.
dxe5 Nxe5 16. Nxe5 Bxe5 17. Qb3 Bc6 18. Nd4 Qd6 19. Nf3 Kh8 20. Nxe5 Qxe5 21.
Bc2 d4 22. e4 Bxe4 23. Rfe1 d3 24. Qb4 dxc2 25. Rxe4 Qg5 26. h3 c1=Q+ 0-1

[Event "Titled Tue 26th Aug Late"]
[Site "chess.com INT"]
[Date "2025.08.26"]
[Round "2"]
[White "Gustafsson, Jan"]
[Black "Zampronha, Wladimir Camilo"]
[Result "1-0"]
[WhiteTitle "GM"]
[WhiteElo "2591"]
[BlackElo "2157"]
[WhiteFideId "4625498"]
[BlackFideId "2103087"]
[EventDate "2025.08.26"]

1. Nf3 Nf6 2. c4 e6 3. Nc3 c5 4. d4 cxd4 5. Nxd4 Nc6 6. Bf4 a6 7. e3 Be7 8. Be2
O-O 9. O-O d6 10. Nxc6 bxc6 11. Bf3 Bb7 12. Qc2 e5 13. Bg5 Qc7 14. Rfd1 Rfd8 15.
Rac1 h6 16. Bh4 Rac8 17. b3 Qa5 18. Ne4 d5 19. Nxf6+ Bxf6 20. Bxf6 gxf6 21. Qf5
Kg7 22. Qg4+ Kf8 23. Qh4 Kg7 24. Bg4 Rc7 25. Rc2 Bc8 26. h3 Bxg4 27. Qxg4+ Kf8
28. Qf3 Ke7 29. cxd5 cxd5 30. Rxc7+ Qxc7 31. Rxd5 Rxd5 32. Qxd5 Qc1+ 33. Kh2 Qb2
34. Qb7+ Kf8 35. Qxa6 Qxf2 36. b4 Qxe3 37. Qxf6 Qd4 38. b5 Qc5 39. b6 e4 40.
Qd8+ Kg7 41. b7 Qe5+ 42. Kg1 Qb2 43. b8=Q Qb7 44. Qxb7 1-0

[Event "Titled Tue 26th Aug Late"]
[Site "chess.com INT"]
[Date "2025.08.26"]
[Round "2"]
[White "Terry, Renato"]
[Black "Jin, Ashton"]
[Result "1-0"]
[WhiteTitle "IM"]
[WhiteElo "2508"]
[BlackElo "2196"]
[WhiteFideId "3803457"]
[BlackFideId "30931908"]
[EventDate "2025.08.26"]

1. e4 c5 2. Nf3 d6 3. Bb5+ Bd7 4. Bxd7+ Nxd7 5. O-O Ngf6 6. Qe2 g6 7. c3 Bg7 8.
d4 cxd4 9. cxd4 O-O 10. Nc3 Qa5 11. e5 dxe5 12. dxe5 Nd5 13. e6 Nxc3 14. bxc3
Ne5 15. exf7+ Rxf7 16. Ng5 Rf5 17. Bd2 Raf8 18. Ne6 R8f6 19. Nd4 Rh5 20. f4 Nc6
21. Rae1 Nxd4 22. cxd4 Qd5 23. Qxe7 Rf7 24. Qe8+ Rf8 25. Qe2 Bxd4+ 26. Kh1 Bb6
27. Bc1 Rhf5 28. Rd1 Qf7 29. Qe4 Rf6 30. a4 Re6 31. Qb4 Qe7 32. Qb3 Re8 33. f5
gxf5 34. Rxf5 Kg7 35. Rdf1 Rg6 36. Rf7+ 1-0

[Event "Titled Tue 26th Aug Late"]
[Site "chess.com INT"]
[Date "2025.08.26"]
[Round "2"]
[White "Lai, Duc Minh"]
[Black "Svane, Rasmus"]
[Result "0-1"]
[BlackTitle "GM"]
[WhiteElo "2121"]
[BlackElo "2619"]
[WhiteFideId "12420387"]
[BlackFideId "4657101"]
[EventDate "2025.08.26"]

1. c4 e6 2. d4 d5 3. Nf3 a6 4. g3 dxc4 5. Bg2 b5 6. Ne5 c6 7. a4 Bb7 8. axb5
axb5 9. Rxa8 Bxa8 10. O-O Nf6 11. b3 cxb3 12. Qxb3 Be7 13. Na3 Qxd4 14. Nxb5
Qxe5 15. Na7 Nbd7 16. Bf4 Qa5 17. Nxc6 Bxc6 18. Bxc6 O-O 19. Rd1 Ne5 20. Bg2 Ng6
21. Be3 h6 22. h4 Rd8 23. Rb1 Nd5 24. Bd4 Bf6 25. Bxf6 Nxf6 26. Qb7 Ne5 27. Qe7
Re8 28. Qd6 Rd8 29. Qe7 Ng6 30. Qb7 Qd2 31. Bf3 Ne5 32. Qc7 Nxf3+ 33. exf3 Qd6
34. Qc1 Qd5 35. Kg2 e5 36. Rb4 e4 37. fxe4 Nxe4 38. Qf4 Nc5+ 39. Qe4 0-1

[Event "Titled Tue 26th Aug Late"]
[Site "chess.com INT"]
[Date "2025.08.26"]
[Round "2"]
[White "Atis, Hasan"]
[Black "Li, Yilin"]
[Result "1-0"]
[WhiteTitle "CM"]
[BlackTitle "WFM"]
[WhiteElo "2104"]
[BlackElo "1921"]
[WhiteFideId "44598017"]
[BlackFideId "8610410"]
[EventDate "2025.08.26"]

1. e4 c5 2. Nf3 a6 3. Nc3 Nc6 4. d4 cxd4 5. Nxd4 Nf6 6. Nxc6 dxc6 7. Qxd8+ Kxd8
8. Bf4 e6 9. O-O-O+ Ke8 10. Na4 Nd7 11. Bc7 Be7 12. Nb6 Nxb6 13. Bxb6 f6 14. Bc4
Kf7 15. Rd3 g5 16. Rhd1 Kg6 17. Bb3 h5 18. f3 e5 19. Bd8 Bc5 20. Rd6 Bxd6 21.
Rxd6 Rf8 22. Be7 Rf7 23. Bxf7+ Kxf7 24. Bxf6 g4 25. Bxe5 gxf3 26. Rf6+ Ke7 27.
gxf3 Be6 28. Rh6 Bf7 29. Bg3 Rg8 30. Kd2 Rg6 31. Rxg6 Bxg6 32. Ke3 c5 33. Kf4 b5
34. Ke5 Bf7 35. a3 b4 36. Bf2 Kd7 37. Bxc5 bxa3 38. Bxa3 Kc6 39. f4 Kb5 40. f5
Kc6 41. Kf6 Bc4 42. e5 Kd7 43. e6+ Ke8 44. Ke5 1-0

[Event "Titled Tue 26th Aug Late"]
[Site "chess.com INT"]
[Date "2025.08.26"]
[Round "2"]
[White "Labussiere, Victor"]
[Black "Yagiz, Yasin Emrah"]
[Result "1-0"]
[WhiteTitle "FM"]
[BlackTitle "FM"]
[WhiteElo "2298"]
[BlackElo "2107"]
[WhiteFideId "2183129"]
[BlackFideId "6303684"]
[EventDate "2025.08.26"]

1. e4 e6 2. d3 d5 3. Nd2 dxe4 4. Nxe4 Nf6 5. Nf3 Nxe4 6. dxe4 Qxd1+ 7. Kxd1 Nc6
8. c3 e5 9. Kc2 f6 10. Be3 Bd7 11. Nd2 O-O-O 12. f3 h5 13. Rd1 h4 14. Bc4 h3 15.
g3 a6 16. Be2 g5 17. Nb3 Be6 18. Nc5 Bxc5 19. Bxc5 f5 20. Rhg1 Rhg8 21. b3 Kb8
22. Be3 f4 23. Bf2 Rxd1 24. Kxd1 Kc8 25. Kc2 Rf8 26. a4 Kd7 27. b4 Rf7 28. Rd1+
Kc8 29. b5 g4 30. bxc6 1-0

[Event "Titled Tue 26th Aug Late"]
[Site "chess.com INT"]
[Date "2025.08.26"]
[Round "2"]
[White "Pica, Eleni"]
[Black "Pereyra, Horacio"]
[Result "0-1"]
[WhiteTitle "WCM"]
[WhiteElo "1743"]
[BlackElo "2133"]
[WhiteFideId "5910005"]
[BlackFideId "113700"]
[EventDate "2025.08.26"]

1. d4 e6 2. c4 Bb4+ 3. Nc3 Bxc3+ 4. bxc3 f5 5. Nf3 Nf6 6. Bg5 Qe7 7. e3 O-O 8.
d5 e5 9. Be2 d6 10. O-O Nbd7 11. Rb1 b6 12. a4 a5 13. Nd2 Nc5 14. Nb3 Nxa4 15.
f3 Bd7 16. Qc2 h6 17. Bxf6 Qxf6 18. e4 fxe4 19. fxe4 Qg5 20. Nd2 Qe3+ 21. Kh1
Qxe2 22. Rbe1 Rxf1+ 23. Rxf1 Rf8 24. Rxf8+ Kxf8 25. h3 Nc5 26. Kh2 Be8 27. Qc1
Bg6 0-1

[Event "Titled Tue 26th Aug Late"]
[Site "chess.com INT"]
[Date "2025.08.26"]
[Round "2"]
[White "Jimenez Salas, Maria Teresa"]
[Black "Lisenkov, Svyatoslav"]
[Result "0-1"]
[WhiteTitle "WIM"]
[BlackTitle "FM"]
[WhiteElo "2249"]
[BlackElo "2343"]
[WhiteFideId "3843866"]
[BlackFideId "34264183"]
[EventDate "2025.08.26"]

1. e4 e5 2. Nf3 Nc6 3. d4 exd4 4. Nxd4 Nf6 5. Nxc6 dxc6 6. Qxd8+ Kxd8 7. Bg5 Be7
8. Nc3 Be6 9. O-O-O+ Ke8 10. Be2 h6 11. Bf4 Rc8 12. a3 Nd7 13. Bd2 g5 14. g3 Bf6
15. f4 Nb6 16. Rhf1 Be7 17. f5 Bc4 18. Be3 Bxe2 19. Nxe2 Nc4 20. Bd4 f6 21. g4
Kf7 22. Ng3 c5 23. Bg1 Ne5 24. h3 Rcd8 25. Ne2 b5 26. Nc3 c6 27. Rxd8 Rxd8 28.
Rd1 Re8 29. Ne2 a5 30. Bh2 Nc4 31. Ng3 Bd6 32. Re1 Bf4+ 33. Kb1 a4 34. Ka2 b4
35. Re2 Rd8 36. Nf1 Rd1 37. Bxf4 gxf4 38. Nh2 Nd2 39. axb4 cxb4 40. Rf2 c5 41.
Rxf4 c4 42. b3 axb3+ 43. cxb3 c3 44. e5 c2 45. e6+ Ke7 46. Rd4 Ra1+ 0-1

[Event "Titled Tue 26th Aug Late"]
[Site "chess.com INT"]
[Date "2025.08.26"]
[Round "2"]
[White "Harish, Neeraj"]
[Black "Peek, Maurice"]
[Result "0-1"]
[WhiteTitle "CM"]
[BlackTitle "IM"]
[WhiteElo "2028"]
[BlackElo "2381"]
[WhiteFideId "30958130"]
[BlackFideId "1004239"]
[EventDate "2025.08.26"]

1. d4 Nf6 2. c4 e6 3. Nc3 Bb4 4. e3 O-O 5. Bd3 c5 6. Ne2 Nc6 7. O-O cxd4 8. exd4
d5 9. Bg5 Be7 10. c5 b6 11. Bb5 Bd7 12. Bxc6 Bxc6 13. b4 bxc5 14. dxc5 Rb8 15.
Rb1 e5 16. b5 Be8 17. Bxf6 Bxf6 18. a4 d4 19. Ne4 Be7 20. c6 f5 21. N4g3 d3 22.
Nc3 e4 23. Kh1 Qd4 24. Qd2 Bg6 25. Nge2 Qe5 26. Nf4 Bf7 27. f3 e3 28. Qxd3 Qxf4
29. Nd5 Bxd5 30. Qxd5+ Kh8 31. Rfe1 Rbd8 32. Qe6 Bd6 0-1

[Event "Titled Tue 26th Aug Late"]
[Site "chess.com INT"]
[Date "2025.08.26"]
[Round "2"]
[White "Sobek, Jaroslav"]
[Black "Alvarado, Carlos"]
[Result "0-1"]
[WhiteTitle "FM"]
[BlackTitle "CM"]
[WhiteElo "2195"]
[BlackElo "2032"]
[WhiteFideId "301388"]
[BlackFideId "3800555"]
[EventDate "2025.08.26"]

1. d4 Nf6 2. c4 e6 3. Bf4 Bb4+ 4. Nd2 Ne4 5. Nf3 O-O 6. Qc2 f5 7. a3 Nxd2 8.
Nxd2 Be7 9. h3 d6 10. e3 b6 11. g4 Bb7 12. Rg1 Nd7 13. gxf5 Rxf5 14. Bd3 Rh5 15.
O-O-O Kh8 16. Ne4 e5 17. Bg3 Qf8 18. d5 Bc8 19. h4 h6 20. Rh1 a5 21. Rdg1 a4 22.
f4 exf4 23. exf4 b5 24. cxb5 Rxd5 25. Kb1 Nc5 26. Nxc5 Rxc5 27. Qe2 Bb7 28. Rh2
Bf6 0-1

[Event "Titled Tue 26th Aug Late"]
[Site "chess.com INT"]
[Date "2025.08.26"]
[Round "2"]
[White "Cevizci, Yusuf Baran"]
[Black "Ebrahimi Herab, Hamidreza"]
[Result "0-1"]
[WhiteTitle "CM"]
[BlackTitle "FM"]
[WhiteElo "2094"]
[BlackElo "2385"]
[WhiteFideId "34565400"]
[BlackFideId "22512888"]
[EventDate "2025.08.26"]

1. e4 c5 2. c3 d5 3. exd5 Qxd5 4. d4 Nc6 5. Nf3 Bf5 6. Be3 e6 7. Na3 Nf6 8. Nb5
Qd8 9. dxc5 Nd5 10. Qd2 a6 11. Nd6+ Bxd6 12. cxd6 Nxe3 13. fxe3 O-O 14. Be2 Qb6
15. O-O Rfd8 16. Rad1 Rd7 17. Qc1 Rad8 18. c4 Qc5 19. Nd4 Rxd6 20. Nxf5 exf5 21.
Rxd6 Rxd6 22. Bf3 g6 23. Bd5 Nb4 24. Bxb7 Nxa2 25. Qe1 Nb4 26. Kh1 Re6 27. Rf3
Nc2 28. Qc3 Nxe3 29. h3 Nxc4 30. b3 Qe7 31. bxc4 Qxb7 32. Rd3 Qe7 33. Rd1 Qf6
34. Qa5 Kg7 35. c5 Rc6 36. Qb4 Qe5 37. Rd6 Rxc5 38. Rd1 a5 39. Qa4 Rd5 40. Rb1
f4 41. Rf1 g5 0-1

[Event "Titled Tue 26th Aug Late"]
[Site "chess.com INT"]
[Date "2025.08.26"]
[Round "2"]
[White "Ragger, Markus"]
[Black "Beznosov, Timofey"]
[Result "1-0"]
[WhiteTitle "GM"]
[BlackTitle "CM"]
[WhiteElo "2569"]
[BlackElo "2131"]
[WhiteFideId "1610856"]
[BlackFideId "34497951"]
[EventDate "2025.08.26"]

1. d4 Nf6 2. c4 e6 3. Nf3 a6 4. Nc3 d5 5. cxd5 exd5 6. Bg5 Be6 7. e3 Nbd7 8. Bd3
Bd6 9. O-O c6 10. h3 Qc7 11. Kh1 h6 12. Bh4 g5 13. Bg3 Bxg3 14. fxg3 Qxg3 15.
Nh2 Qxe3 16. Bf5 Qg3 17. Qe2 O-O-O 18. Bxe6 fxe6 19. Qxe6 h5 20. Rxf6 Rde8 21.
Qd6 Re1+ 22. Rxe1 Qxe1+ 23. Rf1 Qd2 24. Rf7 Qc1+ 25. Nf1 Rd8 26. Na4 b5 27. Nc5
Qxc5 28. dxc5 1-0

[Event "Titled Tue 26th Aug Late"]
[Site "chess.com INT"]
[Date "2025.08.26"]
[Round "2"]
[White "Kovacs, Reka"]
[Black "Piesik, Piotr"]
[Result "0-1"]
[WhiteTitle "WCM"]
[BlackTitle "IM"]
[WhiteElo "1915"]
[BlackElo "2427"]
[WhiteFideId "790702"]
[BlackFideId "1136194"]
[EventDate "2025.08.26"]

1. e4 g6 2. d4 Bg7 3. Nc3 c6 4. Be3 d5 5. exd5 cxd5 6. Bb5+ Nc6 7. Nf3 Bg4 8. h3
Bxf3 9. Qxf3 e6 10. O-O Ne7 11. Ne2 O-O 12. c3 Nf5 13. Bf4 Qb6 14. Bxc6 Qxc6 15.
Nc1 Qb5 16. Nd3 a5 17. a4 Qc6 18. Ra3 b5 19. axb5 Qxb5 20. Rfa1 Rfc8 21. b4 a4
22. Nc5 Bf8 23. Nxa4 Nd6 24. Bxd6 Bxd6 25. Nc5 Rxa3 26. Rxa3 Qe8 27. Ra7 Ra8 28.
Rxa8 Qxa8 29. g3 Kg7 30. h4 h5 31. Qd3 Qa3 32. Kg2 Qb2 33. Nb7 Be7 34. Na5 Qa3
35. Nc6 Bd6 36. Ne5 Qa7 37. Qb5 Qc7 38. Qd7 Bxe5 39. Qa4 Bd6 40. Qb3 Qc4 41. Qc2
Bxb4 0-1

[Event "Titled Tue 26th Aug Late"]
[Site "chess.com INT"]
[Date "2025.08.26"]
[Round "2"]
[White "Khlebovich, Alexander"]
[Black "Shurakov, Denis"]
[Result "1-0"]
[WhiteTitle "IM"]
[BlackTitle "CM"]
[WhiteElo "2423"]
[BlackElo "2085"]
[WhiteFideId "4169123"]
[BlackFideId "4149734"]
[EventDate "2025.08.26"]

1. d4 b6 2. Nf3 Nf6 3. g3 Bb7 4. Bg2 e6 5. c4 d5 6. O-O dxc4 7. Qa4+ Nbd7 8. Ne5
Bxg2 9. Kxg2 Bd6 10. Nxc4 O-O 11. Nc3 a6 12. Qc6 Qe7 13. Nxd6 cxd6 14. Bf4 e5
15. dxe5 dxe5 16. Bg5 Rfc8 17. Bxf6 Nxf6 18. Qxb6 Rcb8 19. Qc6 Rc8 20. Nd5 Nxd5
21. Qxd5 Rab8 22. b3 Rc5 23. Qe4 Rbc8 24. Rfd1 g6 25. Rd2 f5 26. Qf3 e4 27. Qe3
Rc3 28. Qd4 e3 29. Qd5+ Kg7 30. Qd7 R8c7 31. Qxe7+ Rxe7 32. fxe3 Rcxe3 33. Kf2
Rc3 34. Rad1 Kh6 35. Rd7 Re5 36. R1d2 1-0

[Event "Titled Tue 26th Aug Late"]
[Site "chess.com INT"]
[Date "2025.08.26"]
[Round "2"]
[White "Barwinska, Ewa"]
[Black "Loftgaard, Mikkel Vinh"]
[Result "1-0"]
[WhiteTitle "WFM"]
[BlackTitle "FM"]
[WhiteElo "2029"]
[BlackElo "2281"]
[WhiteFideId "21833761"]
[BlackFideId "1468480"]
[EventDate "2025.08.26"]

1. e4 c5 2. Nf3 e6 3. d4 cxd4 4. Nxd4 Nf6 5. Nc3 Nc6 6. Ndb5 Bb4 7. a3 Bxc3+ 8.
Nxc3 d5 9. exd5 exd5 10. Bd3 O-O 11. O-O Bg4 12. f3 Bh5 13. Bg5 Re8 14. Kh1 Bg6
15. Bxf6 Qxf6 16. Nxd5 Qe5 17. Bxg6 hxg6 18. Re1 Qxb2 19. Rb1 Qxa3 20. Rxb7 Qa5
21. Ne7+ Nxe7 22. Rbxe7 Rxe7 23. Rxe7 Rd8 24. Qe1 Qa4 25. h3 a5 26. Qe4 Qa1+ 27.
Kh2 Qf6 28. Re8+ Rxe8 29. Qxe8+ Kh7 30. Qa4 Qd6+ 31. Kh1 Qd1+ 32. Kh2 Qd6+ 33.
Kh1 Qb4 34. Qxb4 axb4 35. Kg1 g5 36. Kf2 Kg6 37. Ke3 Kf5 38. Kd4 Kf4 39. Kc4 Kg3
40. Kxb4 Kxg2 41. c4 f5 42. c5 Kxf3 43. c6 g4 44. hxg4 fxg4 45. c7 g3 46. c8=Q
g2 47. Qc5 1-0

[Event "Titled Tue 26th Aug Late"]
[Site "chess.com INT"]
[Date "2025.08.26"]
[Round "2"]
[White "Foldes, Marton Gabor"]
[Black "Nassr, Ahmed"]
[Result "1-0"]
[WhiteTitle "FM"]
[BlackTitle "IM"]
[WhiteElo "2293"]
[BlackElo "2153"]
[WhiteFideId "794708"]
[BlackFideId "7904860"]
[EventDate "2025.08.26"]

1. Nf3 d5 2. g3 Nf6 3. b3 Bf5 4. Bb2 e6 5. Bg2 Be7 6. c4 c6 7. O-O h6 8. d3 Nbd7
9. Nbd2 O-O 10. Qe1 Bh7 11. e4 Nc5 12. Qe2 dxe4 13. dxe4 Nfxe4 14. Rad1 Qd3 15.
Qe1 Qc2 16. Ba1 Qxa2 17. b4 Nd3 18. Qe3 Nxb4 19. Nxe4 Nc2 20. Qe2 Bxe4 21. Qxe4
Nxa1 22. Rxa1 Qb2 23. Rab1 Qc3 24. Rxb7 Bf6 25. Qxc6 a5 26. Qa4 Rfc8 27. Qd7 Rf8
28. Ra7 a4 29. Rxa4 Rxa4 30. Qxa4 Rc8 31. Rd1 Qxc4 32. Qd7 Qc2 33. Ne1 Rd8 34.
Qxd8+ Bxd8 35. Rxd8+ Kh7 36. Nxc2 1-0

[Event "Titled Tue 26th Aug Late"]
[Site "chess.com INT"]
[Date "2025.08.26"]
[Round "2"]
[White "Van Foreest, Machteld"]
[Black "Carafizi, Vasile"]
[Result "1-0"]
[WhiteTitle "FM"]
[BlackTitle "FM"]
[WhiteElo "2313"]
[BlackElo "2134"]
[WhiteFideId "1051563"]
[BlackFideId "4002539"]
[EventDate "2025.08.26"]

1. e4 e5 2. Nf3 Nc6 3. d4 exd4 4. Nxd4 Bc5 5. Nb3 Bb6 6. Nc3 d6 7. Be2 Nge7 8.
O-O O-O 9. Nd5 Nxd5 10. exd5 Ne5 11. c4 a5 12. Be3 Bxe3 13. fxe3 Qg5 14. Qd2 a4
15. Nd4 Bg4 16. Bxg4 Nxg4 17. Rf4 Rae8 18. Nf3 Qh5 19. Qd4 Nxe3 20. Rh4 Qg6 21.
Qd2 h6 22. Re1 Nf5 23. Rhe4 Rxe4 24. Rxe4 Qf6 25. Qf4 a3 26. bxa3 g6 27. Nd4 Kg7
28. Nxf5+ gxf5 29. Re3 Qa1+ 30. Kf2 Qb2+ 31. Kg3 Qf6 32. Kh3 Qg5 33. Rg3 f6 34.
Qxf5 Rh8 35. Rxg5+ hxg5+ 36. Kg3 1-0